Normal view
MARC view
- Farzanehfard, Hosein.
Entry Personal Name
001 - CONTROL NUMBER
- control field: 56745
003 - CONTROL NUMBER IDENTIFIER
- control field: OSt
005 - DATE AND TIME OF LATEST TRANSACTION
- control field: 20240426122553.0
008 - FIXED-LENGTH DATA ELEMENTS
- fixed length control field: 240426|| aca||aabn | a|a d
040 ## - CATALOGING SOURCE
- Original cataloging agency: OSt
- Transcribing agency: OSt
100 ## - HEADING--PERSONAL NAME
- Personal name: Farzanehfard, Hosein.
- Relator term: author.
670 ## - SOURCE DATA FOUND
- Source citation: Work cat.: (OSt): Heidari, Milad. author. 56742, A high voltage gain ZVT quasi-Z-source converter with reduced voltage stress /, November 2022.
